| Tag |
First Indicator |
Second Indicator |
Subfields |
| LEADER |
00000cam a22000001i 4500 |
| 001 |
in00003944421 |
| 006 |
m d f |
| 007 |
cr bn mmmapmmp |
| 008 |
381010s1938 dcu o f000 0 eng d |
| 005 |
20250210235214.4 |
| 035 |
|
|
|a ebd1933013786
|
| 040 |
|
|
|a UMI
|c UMI
|e rda
|d UtOrBLW
|
| 086 |
0 |
|
|a FCA 1.4/3:C-106
|
| 099 |
|
|
|a FCA1.4_3..C-106
|
| 110 |
1 |
|
|a United States.
|b Farm Credit Administration.
|0 http://id.loc.gov/authorities/names/n82138254
|
| 245 |
1 |
0 |
|a Patronage problems of Mid℗Ư-West Producers Creameries. Inc.
|
| 264 |
|
1 |
|a [Washington] :
|b [s.n.],
|c 1938.
|
| 300 |
|
|
|a 1 online resource (64 pages), digital, PDF file
|
| 336 |
|
|
|a text
|b txt
|2 rdacontent
|
| 337 |
|
|
|a computer
|b c
|2 rdamedia
|
| 338 |
|
|
|a online resource
|b cr
|2 rdacarrier
|
| 500 |
|
|
|a Includes tables and illustrations.
|
| 533 |
|
|
|a Electronic reproduction.
|b [Bethesda, Md.] :
|c ProQuest,
|d 2016
|e digital, PDF file.
|n ProQuest U.S. Executive Branch Documents
|n Mode of access: World Wide Web via ProQuest website.
|
| 588 |
|
|
|a Record is based on online resource; title from PDF title page (ProQuest, last viewed July 2016). Reuse except for individual research requires license from ProQuest, LLC.
|
| 650 |
|
0 |
|a Dairy products industry.
|0 http://id.loc.gov/authorities/subjects/sh85035460
|
| 650 |
|
0 |
|a Rural development
|x International cooperation.
|0 http://id.loc.gov/authorities/subjects/sh85115900
|
| 856 |
4 |
0 |
|u http://proxy.library.tamu.edu/login?url=http://congressional.proquest.com/congressional/docview/t66.d71.fca1.4_3..c-106?
|y Electronic resource (PDF)
|t 0
|
| 999 |
f |
f |
|s d12f2f8a-2764-35a7-9f73-bcb9c5351b8d
|i 88aa1dfe-4701-3682-b007-1eec98fe1702
|t 0
|
| 952 |
f |
f |
|a Texas A&M University
|b College Station
|c Electronic Resources
|d Available Online
|t 0
|h No information provided
|
| 998 |
f |
f |
|t 0
|l Available Online
|